[Event "VII Festival A"]
[Site "Cesenatico ITA"]
[Date "2002.09.05"]
[Round "6"]
[White "Waldner, Mirko"]
[Black "Molina, Fabrizio"]
[Result "0-1"]
[WhiteElo "1636"]
[BlackElo "2278"]
[PlyCount "108"]
[EventDate "2002.09.02"]

1. d4 e6 2. c4 d5 3. Nc3 c5 4. cxd5 exd5 5. Nf3 Nc6 6. Bf4 Nf6 7. e3 c4 8. a3
a6 9. Be2 Be7 10. h3 h6 11. Qc2 b5 12. Ne5 Na5 13. Nf3 O-O 14. O-O Be6 15. Nd2
Rc8 16. Bf3 Qd7 17. Rad1 Bf5 18. e4 dxe4 19. Ndxe4 Nb3 20. Be3 Rfd8 21. d5 Ne8
22. Bb6 Nc7 23. d6 Bxd6 24. Qe2 Qe6 25. Nxd6 Rxd6 26. Bb7 Qxe2 27. Nxe2 Rxd1
28. Bxc8 Rxf1+ 29. Kxf1 Nd5 30. Bxf5 Nxb6 31. Nc3 Kf8 32. Bg4 Nc5 33. Bf5 Nca4
34. Nd1 Ke7 35. Ke2 Kd6 36. Kd2 Kc5 37. Bg4 Kd4 38. Bf3 Nd7 39. Bc6 Ndc5 40.
Nc3 Nxb2 41. Ne2+ Ke5 42. Nc3 Nbd3 43. f3 Nf4 44. g3 Nxh3 45. f4+ Kd6 46. Be8
Ke7 47. Bc6 Nf2 48. Ne2 Nfd3 49. Nd4 g6 50. Kc3 Na4+ 51. Kd2 f5 52. Bb7 Nac5
53. Bc8 Kd8 54. Be6 Ne4+ 0-1

[Event "VII Festival A"]
[Site "Cesenatico ITA"]
[Date "2002.09.06"]
[Round "7"]
[White "Falbo, Sandro"]
[Black "Brancaleoni, Maurizio"]
[Result "0-1"]
[WhiteElo "2208"]
[BlackElo "2249"]
[PlyCount "124"]
[EventDate "2002.09.02"]

1. c4 e5 2. g3 Nf6 3. Bg2 c6 4. d4 exd4 5. Qxd4 Na6 6. Nc3 d5 7. Nf3 Nb4 8. O-O
Be7 9. Qd1 dxc4 10. Nd4 Bc5 11. a3 Qxd4 12. Qxd4 Bxd4 13. axb4 Bxc3 14. bxc3
O-O 15. Be3 a6 16. Bd4 Re8 17. Rfe1 Nd7 18. f4 f5 19. e4 Nf8 20. Bb6 Be6 21.
Rad1 Nd7 22. Bf2 fxe4 23. Bxe4 Nf6 24. Rd6 Bd5 25. Bxd5+ Nxd5 26. Rxe8+ Rxe8
27. Bd4 Kf7 28. Kf2 g6 29. Be5 Ke7 30. Kf3 Rd8 31. Rxd8 Kxd8 32. Ke4 Kd7 33. g4
b6 34. f5 gxf5+ 35. gxf5 Ne7 36. f6 Ng6 37. Bg3 Ke6 38. Kd4 Kxf6 39. Kxc4 Ne5+
40. Kd4 Nd7 41. c4 Ke6 42. Bc7 Kf5 43. Bg3 Ke6 44. Bc7 h6 45. Kc3 Kf5 46. Kd4
Ke6 47. Kc3 c5 48. bxc5 bxc5 49. Kb3 Ne5 50. Kc3 h5 51. Kb3 Kf5 52. Kc3 Ke4 53.
Bd6 Nd7 54. Bc7 Ke3 55. Bd8 Ke2 56. Bc7 Nf6 57. Kc2 Ne4 58. Bd8 Ke3 59. Ba5 Kd4
60. Kb3 Kd3 61. Bb6 Kd4 62. h4 Nd2+ 0-1

[Event "VII Festival A"]
[Site "Cesenatico ITA"]
[Date "2002.09.06"]
[Round "7"]
[White "Lagrotteria, Salvatore"]
[Black "Waldner, Mirko"]
[Result "1-0"]
[WhiteElo "2164"]
[BlackElo "1636"]
[PlyCount "47"]
[EventDate "2002.09.02"]

1. Nf3 e6 2. d4 Nf6 3. c4 d5 4. e3 c5 5. Bd2 Nc6 6. Bc3 dxc4 7. Bxc4 Bd7 8. O-O
Be7 9. Nbd2 Rc8 10. Qe2 O-O 11. dxc5 Bxc5 12. Rac1 Nb4 13. a3 Nbd5 14. Be5 Qe7
15. g3 Bd6 16. Bxd6 Qxd6 17. e4 Nf4 18. gxf4 Qxf4 19. Qe3 Qg4+ 20. Kh1 Bc6 21.
Rg1 Qh5 22. Rg5 Qh3 23. Rcg1 Nh5 24. Bf1 1-0

[Event "VII Festival A"]
[Site "Cesenatico ITA"]
[Date "2002.09.06"]
[Round "7"]
[White "Molina, Fabrizio"]
[Black "Cioara, Andrei Nestor"]
[Result "0-1"]
[WhiteElo "2278"]
[BlackElo "2414"]
[PlyCount "118"]
[EventDate "2002.09.02"]

1. c4 e5 2. g3 Nf6 3. Bg2 d5 4. cxd5 Nxd5 5. Nc3 Nb6 6. d3 Be7 7. Nf3 Nc6 8. h4
O-O 9. Be3 Bg4 10. O-O Re8 11. Rc1 Bf8 12. a4 a5 13. Nb5 Nd5 14. Bc5 Bxc5 15.
Rxc5 Ndb4 16. Rc1 Qd7 17. Kh2 h6 18. Rc4 Be6 19. Rc3 Rac8 20. Qd2 f6 21. Ra3
Nd4 22. Nfxd4 exd4 23. e3 dxe3 24. fxe3 Bd5 25. Bh3 Be6 26. Bg2 c5 27. Rf2 Rcd8
28. d4 Bc4 29. Bh3 Qe7 30. Qc3 Bxb5 31. axb5 cxd4 32. exd4 b6 33. Qc4+ Qf7 34.
Rc3 Nd5 35. Rcf3 Ne3 36. Qxf7+ Kxf7 37. Rd2 Nc4 38. Rc2 Rxd4 39. Rfc3 Ne5 40.
Rc7+ Re7 41. Rxe7+ Kxe7 42. Kg1 Rc4 43. Rf2 Rb4 44. Bf1 Rb3 45. Kg2 Ng4 46.
Re2+ Kf8 47. Kh3 Ne3 48. Bg2 Nxg2 49. Kxg2 Rxb5 50. Kf3 Kf7 51. g4 g6 52. Kf4
h5 53. gxh5 Rxh5 54. Kg4 Rb5 55. Kf4 Rb4+ 56. Kg3 Rb3+ 57. Kf4 a4 58. Kg4 f5+
59. Kf4 Rh3 0-1

[Event "VII Festival A"]
[Site "Cesenatico ITA"]
[Date "2002.09.06"]
[Round "7"]
[White "Raineri, Valerio"]
[Black "Pircher, Karl"]
[Result "1-0"]
[WhiteElo "2134"]
[BlackElo "2052"]
[PlyCount "55"]
[EventDate "2002.09.02"]

1. e4 e6 2. d3 d5 3. Qe2 Be7 4. f4 Nf6 5. e5 Nfd7 6. Nf3 c5 7. g3 Nc6 8. Bh3
Qc7 9. Be3 b6 10. Bf2 g6 11. c4 dxc4 12. dxc4 Bb7 13. O-O O-O-O 14. Nc3 Ba8 15.
Nb5 Bb7 16. Bg2 Ndb8 17. Ng5 Bxg5 18. fxg5 Qe7 19. Nd6+ Kc7 20. Bxc5 bxc5 21.
Rxf7 Rd7 22. Rxe7 Rxe7 23. Qe3 Nd7 24. Bxc6 Bxc6 25. b4 Rf8 26. Rf1 Rf5 27.
Nxf5 exf5 28. e6 1-0

[Event "VII Festival A"]
[Site "Cesenatico ITA"]
[Date "2002.09.06"]
[Round "7"]
[White "Salzano, Guido"]
[Black "Voiska, Margarita"]
[Result "0-1"]
[WhiteElo "1675"]
[BlackElo "2356"]
[PlyCount "36"]
[EventDate "2002.09.02"]

1. e4 d6 2. d4 g6 3. Nc3 Bg7 4. Nf3 a6 5. Be3 b5 6. a3 Nd7 7. Qd2 Bb7 8. b4
Ngf6 9. Bd3 Ng4 10. Bg5 h6 11. Bh4 c5 12. d5 Rc8 13. bxc5 Rxc5 14. e5 Ndxe5 15.
Ne4 Nxd3+ 16. cxd3 Bxa1 17. Nxc5 dxc5 18. O-O Bf6 0-1

[Event "VII Festival A"]
[Site "Cesenatico ITA"]
[Date "2002.09.06"]
[Round "7"]
[White "Thomas, Robert K."]
[Black "Zentgraf, Alexander"]
[Result "1-0"]
[WhiteElo "2136"]
[BlackElo "2131"]
[PlyCount "62"]
[EventDate "2002.09.02"]

1. d4 Nf6 2. Bg5 g6 3. Nc3 d5 4. f3 Bg7 5. e4 dxe4 6. fxe4 O-O 7. Nf3 Bg4 8.
Be2 Nc6 9. d5 Bxf3 10. gxf3 Ne5 11. f4 Ned7 12. e5 Ne8 13. Bh4 f6 14. e6 Nb6
15. f5 Nd6 16. Bd3 Nbc4 17. fxg6 Nxb2 18. gxh7+ Kh8 19. Qd2 Nxd3+ 20. Qxd3 f5
21. Rg1 Ne4 22. Rxg7 Kxg7 23. Nxe4 fxe4 24. Qd4+ Kxh7 25. Qxe4+ Kh6 26. O-O-O
Qd6 27. Bg5+ Kg7 28. Bh6+ Kxh6 29. Qh4+ Kg6 30. Rg1+ Kf5 31. Rg5+ Kf6 1-0

[Event "VII Festival A"]
[Site "Cesenatico ITA"]
[Date "2002.09.06"]
[Round "7"]
[White "Tomescu, Vlad"]
[Black "Mrdja, Milan"]
[Result "0-1"]
[WhiteElo "2438"]
[BlackElo "2370"]
[PlyCount "92"]
[EventDate "2002.09.02"]

1. d4 g6 2. c4 Bg7 3. e4 d6 4. Nc3 Nf6 5. f3 O-O 6. Be3 b6 7. Bd3 a6 8. Nge2 c5
9. d5 e6 10. a4 exd5 11. cxd5 Nbd7 12. Ng3 Ne5 13. Be2 h5 14. O-O Nh7 15. Qd2
h4 16. Nh1 f5 17. Nf2 Ra7 18. f4 Nf7 19. a5 fxe4 20. axb6 Qxb6 21. Nfxe4 Qb8
22. Ng5 Nhxg5 23. fxg5 Re8 24. Bf2 h3 25. Rfe1 hxg2 26. Kxg2 Ne5 27. Bg3 Rb7
28. Nd1 Rb4 29. Bf2 Bb7 30. Nc3 Qc8 31. Qc2 Rf8 32. Bg3 Rf5 33. h4 Qd7 34. Rf1
Nc4 35. Bxc4 Rxc4 36. Rxf5 gxf5 37. Qe2 Rd4 38. Rd1 Qf7 39. Bf2 Rxd1 40. Qxd1
Bxc3 41. bxc3 Bxd5+ 42. Kg1 Qe6 43. Qh5 Kg7 44. Kh2 a5 45. Bg3 a4 46. c4 Bxc4
0-1

[Event "VII Festival A"]
[Site "Cesenatico ITA"]
[Date "2002.09.07"]
[Round "8"]
[White "Brancaleoni, Maurizio"]
[Black "Tomescu, Vlad"]
[Result "1/2-1/2"]
[WhiteElo "2249"]
[BlackElo "2438"]
[PlyCount "125"]
[EventDate "2002.09.02"]

1. d4 Nf6 2. c4 Nc6 3. Nf3 e6 4. a3 d6 5. Nc3 g6 6. e4 Bg7 7. h3 O-O 8. Bg5 h6
9. Be3 Re8 10. Bd3 Nd7 11. Bc2 Nb6 12. b3 a5 13. Rb1 a4 14. Nxa4 Nxa4 15. bxa4
b6 16. O-O d5 17. cxd5 exd5 18. exd5 Ne7 19. Qc1 Nxd5 20. Bxh6 Nc3 21. Bg5 Bf6
22. Bd3 Nxb1 23. Qf4 Nc3 24. Qxf6 Qxf6 25. Bxf6 Nd5 26. Be5 Ba6 27. Be4 Bb7 28.
Bxd5 Bxd5 29. Bxc7 Re6 30. Rb1 Ra6 31. Ne5 Rxa4 32. Bxb6 Rxa3 33. Bc5 Ra8 34.
Ng4 Rea6 35. Kh2 Kg7 36. Ne3 Be4 37. Rb4 Ra4 38. Rb6 R4a6 39. Rb4 Rd8 40. Rb2
Raa8 41. Nc4 Bd5 42. Rb4 Ra2 43. Kg3 Bxc4 44. Rxc4 Rb8 45. Rc3 Rab2 46. Kf3 Rd2
47. Kg3 Rbb2 48. Rf3 f6 49. Be7 Rb6 50. Bc5 Re6 51. Ra3 Ree2 52. Rf3 g5 53. Bb6
Kg6 54. d5 Re4 55. Rc3 Rxd5 56. Rc6 Rd3+ 57. Be3 Rb3 58. Kf3 Ra4 59. g4 Ra1 60.
Rb6 Rba3 61. Kg2 Rd3 62. Bc5 Rd7 63. Rd6 1/2-1/2

[Event "VII Festival A"]
[Site "Cesenatico ITA"]
[Date "2002.09.07"]
[Round "8"]
[White "Cioara, Andrei Nestor"]
[Black "Naumkin, Igor"]
[Result "1/2-1/2"]
[WhiteElo "2414"]
[BlackElo "2436"]
[PlyCount "26"]
[EventDate "2002.09.02"]

1. e4 e6 2. d3 d5 3. Nd2 Nf6 4. Ngf3 c5 5. g3 Nc6 6. Bg2 Be7 7. O-O O-O 8. e5
Nd7 9. Re1 b5 10. h4 b4 11. Nf1 a5 12. N1h2 a4 13. a3 bxa3 1/2-1/2

[Event "VII Festival A"]
[Site "Cesenatico ITA"]
[Date "2002.09.07"]
[Round "8"]
[White "Mair, Christoph"]
[Black "Falbo, Sandro"]
[Result "1/2-1/2"]
[WhiteElo "2114"]
[BlackElo "2208"]
[PlyCount "71"]
[EventDate "2002.09.02"]

1. d4 Nf6 2. Nf3 g6 3. Bg5 Bg7 4. Nbd2 d5 5. e3 O-O 6. Bd3 Nbd7 7. O-O c5 8. c3
b6 9. b4 h6 10. Bh4 g5 11. Bg3 Nh5 12. bxc5 Nxg3 13. fxg3 bxc5 14. Qa4 Qc7 15.
Rac1 e5 16. dxe5 Nxe5 17. Nxe5 Qxe5 18. e4 Be6 19. Nf3 Qd6 20. exd5 Bxd5 21.
Be4 Bxe4 22. Qxe4 Rae8 23. Qa4 Qc7 24. c4 Re2 25. Rce1 Qe7 26. Qd1 Re8 27. Rxe2
Qxe2 28. Qxe2 Rxe2 29. Rf2 Re4 30. Rc2 f5 31. Nd2 Re7 32. Nb3 Kf7 33. Kf1 Rc7
34. Rd2 Ke6 35. Rd5 Bf8 36. Rd8 1/2-1/2

[Event "VII Festival A"]
[Site "Cesenatico ITA"]
[Date "2002.09.07"]
[Round "8"]
[White "Raineri, Valerio"]
[Black "Molina, Fabrizio"]
[Result "0-1"]
[WhiteElo "2134"]
[BlackElo "2278"]
[PlyCount "114"]
[EventDate "2002.09.02"]

1. e4 e6 2. d3 c5 3. f4 Nc6 4. Nf3 d6 5. g3 Be7 6. Bg2 Nf6 7. Nbd2 Rb8 8. O-O
O-O 9. h3 Qc7 10. Rf2 b5 11. g4 d5 12. g5 Nh5 13. Ne5 g6 14. Nxc6 Qxc6 15. Qf3
Bb7 16. e5 Qb6 17. Qe3 d4 18. Qe2 Bxg2 19. Kxg2 Rbc8 20. b3 Qc6+ 21. Kh2 Ng7
22. a4 a6 23. Qe4 Nf5 24. Qxc6 Rxc6 25. axb5 axb5 26. Ra7 Rb8 27. Ba3 Rcc8 28.
Ne4 b4 29. Bb2 Ra8 30. Rxa8 Rxa8 31. Nd2 h6 32. gxh6 Ne3 33. Nc4 Bh4 34. Re2
Nxc4 35. dxc4 Ra2 36. Bc1 d3 37. Rg2 Rxc2 38. Rxc2 dxc2 39. Kg2 Kh7 40. Kf3
Kxh6 41. Ke2 Kh5 42. Kd3 Bf2 43. Kxc2 Kh4 44. Kd3 Kxh3 45. Ke2 Kg3 46. Bd2 Bg1
47. Kf1 Bd4 48. Ke2 Kg4 49. Bc1 Kf5 50. Kd3 g5 51. fxg5 Kxe5 52. Bd2 Bg1 53.
Bc1 Kf5 54. Ke2 Bd4 55. Kf3 e5 56. Kg3 e4 57. Bf4 Bf2+ 0-1

[Event "VII Festival A"]
[Site "Cesenatico ITA"]
[Date "2002.09.07"]
[Round "8"]
[White "Ronchetti, Niccolo'"]
[Black "Thomas, Robert K."]
[Result "1/2-1/2"]
[WhiteElo "2117"]
[BlackElo "2136"]
[PlyCount "60"]
[EventDate "2002.09.02"]

1. e4 g6 2. d4 Bg7 3. Nc3 d6 4. Bc4 e6 5. Be3 a6 6. a4 b6 7. Nge2 Bb7 8. O-O
Nf6 9. f3 Nc6 10. Kh1 d5 11. Ba2 Nb4 12. e5 Nd7 13. Bb1 c5 14. f4 Nc6 15. Qe1
f5 16. exf6 Qxf6 17. dxc5 bxc5 18. Nd1 d4 19. Bd2 Qe7 20. Ng3 O-O-O 21. Ba2
Rhe8 22. Ne4 Nf6 23. Nxf6 Bxf6 24. Qg3 e5 25. fxe5 Bxe5 26. Qh3+ Qd7 27. Qxd7+
Rxd7 28. Nf2 Nb4 29. Bb3 Nd5 30. Rae1 Rde7 1/2-1/2

[Event "VII Festival A"]
[Site "Cesenatico ITA"]
[Date "2002.09.07"]
[Round "8"]
[White "Tommasini, Enzo"]
[Black "Benedetti, Fabrizio"]
[Result "1/2-1/2"]
[WhiteElo "2127"]
[BlackElo "2223"]
[PlyCount "22"]
[EventDate "2002.09.02"]

1. d4 Nf6 2. c4 e6 3. Nc3 d5 4. cxd5 exd5 5. Bg5 Nbd7 6. e3 c6 7. Bd3 Be7 8.
Qc2 O-O 9. Nf3 Re8 10. O-O Ne4 11. Bxe7 Qxe7 1/2-1/2

[Event "VII Festival A"]
[Site "Cesenatico ITA"]
[Date "2002.09.07"]
[Round "8"]
[White "Voiska, Margarita"]
[Black "Lagrotteria, Salvatore"]
[Result "1/2-1/2"]
[WhiteElo "2356"]
[BlackElo "2164"]
[PlyCount "82"]
[EventDate "2002.09.02"]

1. c4 Nf6 2. Nc3 e5 3. Nf3 Nc6 4. e4 Bc5 5. h3 d6 6. Be2 Bd7 7. d3 h6 8. O-O a6
9. Be3 Bd4 10. Qd2 Bxc3 11. bxc3 b6 12. Nh2 g5 13. Rfe1 Qe7 14. Rab1 Na5 15.
Nf1 Be6 16. Ng3 Qd7 17. Qd1 Ke7 18. Nf5+ Bxf5 19. exf5 Qxf5 20. c5 dxc5 21.
Bxc5+ bxc5 22. Qa4 Kf8 23. Qxa5 Kg7 24. Qxc5 Rab8 25. Qxc7 Rb5 26. Rxb5 axb5
27. Bf1 e4 28. dxe4 Nxe4 29. f3 Nd2 30. Qe5+ Qxe5 31. Rxe5 Nxf1 32. Kxf1 Rc8
33. Rxb5 Rxc3 34. Rb2 h5 35. Ke2 Kf6 36. Kd2 Ra3 37. Kc1 Kf5 38. Rc2 Kf4 39.
Kb2 Re3 40. a4 f5 41. Rc3 Re2+ 1/2-1/2

[Event "VII Festival A"]
[Site "Cesenatico ITA"]
[Date "2002.09.08"]
[Round "9"]
[White "Gori, Andrea"]
[Black "Zentgraf, Alexander"]
[Result "0-1"]
[WhiteElo "2215"]
[BlackElo "2131"]
[PlyCount "56"]
[EventDate "2002.09.02"]

1. e4 c5 2. Nf3 e6 3. d4 cxd4 4. Nxd4 Qb6 5. Nb3 Qc7 6. g3 b6 7. Bg2 Bb7 8. O-O
d6 9. Nc3 a6 10. Re1 Nd7 11. Nd4 Be7 12. f4 h5 13. h3 Rc8 14. a4 Qb8 15. Qe2
Qa8 16. Be3 Ngf6 17. Rad1 Rxc3 18. bxc3 Nxe4 19. Qc4 d5 20. Qb3 Ndc5 21. Qxb6
Nxa4 22. Qa5 Naxc3 23. Rd3 Qd8 24. Qa1 Qc7 25. Bc1 Bf6 26. Qa3 Bxd4+ 27. Rxd4
Nb5 28. Qa4 Nec3 0-1

[Event "VII Festival A"]
[Site "Cesenatico ITA"]
[Date "2002.09.08"]
[Round "9"]
[White "Ivanov, Mikhail M."]
[Black "Cioara, Andrei Nestor"]
[Result "0-1"]
[WhiteElo "2489"]
[BlackElo "2414"]
[PlyCount "96"]
[EventDate "2002.09.02"]

1. d4 Nf6 2. Bg5 e6 3. e4 h6 4. Bxf6 Qxf6 5. Nc3 d6 6. Qd2 g5 7. g3 g4 8. h3 h5
9. Nb5 Na6 10. Qc3 Bd7 11. hxg4 hxg4 12. e5 dxe5 13. Rxh8 Qxh8 14. O-O-O c6 15.
Na3 Nb4 16. Kb1 exd4 17. Qe1 O-O-O 18. Ne2 e5 19. Nc1 Bf5 20. Nd3 Nxd3 21. Bxd3
Bxd3 22. cxd3 Bxa3 23. bxa3 Rd5 24. Qe4 Qf8 25. Qxg4+ f5 26. Qe2 Qxa3 27. Qd2
Rb5+ 28. Ka1 Qc3+ 29. Qxc3 dxc3 30. Rc1 Rb2 31. f4 exf4 32. gxf4 Rf2 33. Rxc3
Rxf4 34. Kb2 Kc7 35. Rc2 b5 36. Rh2 a5 37. Kc3 Kd6 38. a3 Kc5 39. Rh8 Rf2 40.
Ra8 a4 41. d4+ Kb6 42. Rb8+ Kc7 43. Rf8 f4 44. d5 c5 45. Rf6 Rf3+ 46. Kc2 Rxa3
47. Rc6+ Kd7 48. Rxc5 b4 0-1

[Event "VII Festival A"]
[Site "Cesenatico ITA"]
[Date "2002.09.08"]
[Round "9"]
[White "Lagrotteria, Salvatore"]
[Black "Benedetti, Fabrizio"]
[Result "1-0"]
[WhiteElo "2164"]
[BlackElo "2223"]
[PlyCount "63"]
[EventDate "2002.09.02"]

1. Nf3 Nf6 2. d4 d5 3. c4 e6 4. Nc3 Nbd7 5. e3 Be7 6. Bd3 O-O 7. O-O b6 8. cxd5
exd5 9. Bd2 Bb7 10. Qb1 c5 11. b3 Re8 12. a4 Bf8 13. a5 Ne4 14. Bb5 Nxd2 15.
Nxd2 cxd4 16. exd4 Bb4 17. Qb2 bxa5 18. Nf3 Re6 19. Ne2 Ba6 20. Bxa6 Rxa6 21.
Nf4 Nf8 22. Rfc1 Rb6 23. Qc2 Rab8 24. g3 Ne6 25. Nxe6 Rxe6 26. Ne5 Qe8 27. Qf5
g6 28. Qf3 Rxe5 29. dxe5 Qxe5 30. Ra2 d4 31. Re2 Qd6 32. Qd3 1-0

[Event "VII Festival A"]
[Site "Cesenatico ITA"]
[Date "2002.09.08"]
[Round "9"]
[White "Molina, Fabrizio"]
[Black "Brancaleoni, Maurizio"]
[Result "1/2-1/2"]
[WhiteElo "2278"]
[BlackElo "2249"]
[PlyCount "24"]
[EventDate "2002.09.02"]

1. c4 b6 2. Nc3 Bb7 3. e4 e6 4. d3 c5 5. g3 Nc6 6. Bg2 g6 7. Nge2 Bg7 8. O-O d6
9. Rb1 Nge7 10. a3 Nd4 11. Nxd4 cxd4 12. Ne2 d5 1/2-1/2

[Event "VII Festival A"]
[Site "Cesenatico ITA"]
[Date "2002.09.08"]
[Round "9"]
[White "Sciortino, Massimo"]
[Black "Mair, Christoph"]
[Result "1-0"]
[WhiteElo "2204"]
[BlackElo "2114"]
[PlyCount "103"]
[EventDate "2002.09.02"]

1. e4 e6 2. d4 d5 3. Nc3 Bb4 4. e5 c5 5. dxc5 Bxc3+ 6. bxc3 Qc7 7. Nf3 Nc6 8.
Bf4 Nge7 9. Bd3 Ng6 10. Bxg6 hxg6 11. O-O Na5 12. Be3 Nc4 13. Bd4 Bd7 14. Re1
Bc6 15. h3 Rh5 16. Nd2 O-O-O 17. Nxc4 dxc4 18. Qe2 Rdh8 19. Qxc4 Qe7 20. Re3
Qh4 21. Qd3 Rg5 22. Rg3 a6 23. a4 Rxg3 24. fxg3 Qe4 25. Qxe4 Bxe4 26. Rf1 Rf8
27. Rf2 Bc6 28. a5 Kd7 29. h4 Ke7 30. g4 f6 31. exf6+ gxf6 32. h5 e5 33. Be3
gxh5 34. gxh5 Rh8 35. h6 Kf7 36. Kh2 Kg6 37. g4 Rh7 38. Rd2 Be4 39. Kg3 f5 40.
Rd6+ Kf7 41. gxf5 Bxf5 42. c6 bxc6 43. Rxc6 Bxc2 44. Rxa6 Rh8 45. Rc6 Be4 46.
Rc7+ Ke6 47. c4 Ra8 48. Ra7 Rxa7 49. Bxa7 Kd6 50. Be3 Kc6 51. a6 Kc7 52. Kh4
1-0

[Event "VII Festival A"]
[Site "Cesenatico ITA"]
[Date "2002.09.08"]
[Round "9"]
[White "Thomas, Robert K."]
[Black "Voiska, Margarita"]
[Result "0-1"]
[WhiteElo "2136"]
[BlackElo "2356"]
[PlyCount "59"]
[EventDate "2002.09.02"]

1. d4 c5 2. d5 e6 3. c4 exd5 4. cxd5 d6 5. e4 Be7 6. Nc3 Bf6 7. f4 Bxc3+ 8.
bxc3 Nf6 9. Bd3 O-O 10. Nf3 c4 11. Bc2 Nxe4 12. Bxe4 Re8 13. O-O Rxe4 14. Nd2
Qb6+ 15. Kh1 Re8 16. Nxc4 Qa6 17. Qd4 Nd7 18. Ba3 Nf6 19. Nxd6 Rd8 20. Bb4 Rxd6
21. Bxd6 Qxd6 22. c4 Bd7 23. Rfd1 b6 24. a4 Re8 25. a5 Re4 26. Qc3 h6 27. axb6
axb6 28. g3 Bf5 29. Rd4 Re2 30. Rd2 0-1

[Event "XLIV Festival A"]
[Site "Imperia ITA"]
[Date "2002.09.01"]
[Round "1"]
[White "Antkowiak, Grzegorz"]
[Black "Poesson, Thierry"]
[WhiteElo "2238"]
[BlackElo "2084"]
[Result "1-0"]
[PlyCount "90"]
[EventDate "2002.09.01"]

1. e4 c5 2. c3 d5 3. exd5 Qxd5 4. d4 Nc6 5. Nf3 e6 6. Be3 cxd4 7. cxd4 Nf6 8.
Nc3 Qd6 9. Bd3 Be7 10. Qe2 Nb4 11. Bc4 b6 12. Ne5 Bb7 13. a3 Nbd5 14. Bb5+ Kf8
15. O-O h5 16. h3 g5 17. Ba6 Bxa6 18. Qxa6 Nxc3 19. bxc3 Nd5 20. Qb7 Kg7 21. c4
Qc7 22. Qxc7 Nxc7 23. a4 Rhc8 24. Rfd1 a6 25. Rab1 b5 26. axb5 axb5 27. cxb5
Nd5 28. Rb3 Rc3 29. Rdb1 Rb8 30. Nc6 Rxb3 31. Rxb3 Rb7 32. Nxe7 Nxe7 33. Bxg5
Nc6 34. Bf4 Ne7 35. b6 Nc8 36. Bc7 Ne7 37. Rb5 Nd5 38. Rxd5 exd5 39. Kh2 Kg6
40. Kg3 h4+ 41. Kf3 Kf5 42. g3 Kg5 43. gxh4+ Kxh4 44. Kf4 f6 45. Kf5 Kxh3 1-0

[Event "XLIV Festival A"]
[Site "Imperia ITA"]
[Date "2002.09.01"]
[Round "1"]
[White "Astengo, Marcello"]
[Black "Di Paolo, Raffaele"]
[WhiteElo "2124"]
[BlackElo "2319"]
[Result "0-1"]
[PlyCount "65"]
[EventDate "2002.09.01"]

1. d4 Nf6 2. c4 g6 3. Nc3 Bg7 4. e4 d6 5. Bd3 O-O 6. Nge2 Nc6 7. f3 a6 8. Bg5
Rb8 9. Rc1 Bd7 10. O-O e5 11. d5 Nd4 12. b4 c5 13. bxc5 dxc5 14. f4 Re8 15.
fxe5 Rxe5 16. Bf4 Nh5 17. Bxe5 Bxe5 18. Qe1 Qg5 19. Qf2 Rf8 20. Rb1 Bc8 21. Kh1
Qh6 22. Rb6 Nf6 23. g3 Ng4 24. Qg1 Qd2 25. Rd1 Nxe2 26. Rxd2 Nxg1 27. Nd1 Nf3
28. Rg2 Ne1 29. Rd2 f5 30. Be2 fxe4 31. h3 e3 32. Rdb2 Bxb2 33. Nxb2 0-1

[Event "XLIV Festival A"]
[Site "Imperia ITA"]
[Date "2002.09.01"]
[Round "1"]
[White "Basso, Fabrice"]
[Black "Blasco, Domenico"]
[WhiteElo "2207"]
[BlackElo "2056"]
[Result "1-0"]
[PlyCount "79"]
[EventDate "2002.09.01"]

1. e4 Nf6 2. e5 Nd5 3. d4 d6 4. Nf3 dxe5 5. Nxe5 g6 6. Bc4 c6 7. Nc3 Bg7 8. Qf3
Be6 9. O-O O-O 10. Bb3 Nd7 11. Re1 a5 12. Na4 Nxe5 13. dxe5 b5 14. Nc5 a4 15.
Bxd5 Bxd5 16. Qe3 e6 17. a3 Qe7 18. Bd2 Rfd8 19. Rad1 Bc4 20. b3 axb3 21. cxb3
Bd5 22. Bb4 Qa7 23. h4 h5 24. Qe2 Bf8 25. Rc1 Bh6 26. Rc2 Bf8 27. Rc3 Qe7 28.
Ne4 Qxh4 29. Nf6+ Kg7 30. Rh3 Qxh3 31. gxh3 Bxb4 32. axb4 Bxb3 33. Kh2 Ra2 34.
Qe3 Bc4 35. Rg1 Rd3 36. Nxh5+ Kh7 37. Qf4 f5 38. Nf6+ Kg7 39. Qh4 Kf8 40. Qh8+
1-0

[Event "XLIV Festival A"]
[Site "Imperia ITA"]
[Date "2002.09.01"]
[Round "1"]
[White "Campora Perez, Daniel"]
[Black "Vrana, Frantisek"]
[WhiteElo "2136"]
[BlackElo "2359"]
[Result "0-1"]
[PlyCount "88"]
[EventDate "2002.09.01"]

1. e4 b6 2. d4 Bb7 3. Nc3 e6 4. g3 Bb4 5. Bg2 Nf6 6. f3 d5 7. e5 Nfd7 8. Nge2
c5 9. f4 cxd4 10. Nxd4 Nc6 11. Be3 Na5 12. Ndb5 Nc4 13. Bd4 a6 14. Nd6+ Nxd6
15. exd6 Nf6 16. O-O Qxd6 17. Kh1 h5 18. Re1 Kf8 19. a3 Bxc3 20. Bxc3 Qc7 21.
Be5 Qc5 22. c4 h4 23. b4 Qxc4 24. Rc1 Qb5 25. Rc7 Bc6 26. g4 h3 27. Bf3 Ne8 28.
a4 Qc4 29. Qa1 Qd3 30. Rf1 Nxc7 31. Bxc7 Bxa4 32. Bxb6 Bb5 33. Bc5+ Kg8 34. Kg1
Qxf1+ 35. Qxf1 Bxf1 36. Kxf1 f6 37. f5 Kf7 38. fxe6+ Kxe6 39. Kf2 Rhb8 40. Ke3
a5 41. bxa5 Rb5 42. Bd4 Rb3+ 43. Kf2 Rxa5 44. Kg3 Raa3 0-1

[Event "XLIV Festival A"]
[Site "Imperia ITA"]
[Date "2002.09.01"]
[Round "1"]
[White "Campora Sivori, Daniel Hugo"]
[Black "Arata, Roberto Mario"]
[WhiteElo "2522"]
[BlackElo "2145"]
[Result "1-0"]
[PlyCount "83"]
[EventDate "2002.09.01"]

1. e4 e5 2. Nf3 Nc6 3. Nc3 Nf6 4. Bb5 Nd4 5. Ba4 c6 6. d3 Qa5 7. Bd2 d6 8. Nxd4
exd4 9. Nd5 Qd8 10. Nxf6+ Qxf6 11. O-O Qg6 12. f4 f5 13. Qf3 fxe4 14. dxe4 Bd7
15. Qd3 O-O-O 16. Qxd4 b6 17. f5 Qe8 18. Qd3 Kb7 19. Bb3 Be7 20. a4 Bf6 21. a5
b5 22. a6+ Ka8 23. Ba5 Rc8 24. Qxd6 Be5 25. Qd3 Rb8 26. Bc3 Bc8 27. Rfd1 Rb6
28. Bxe5 Qxe5 29. Qd4 Qe7 30. Be6 Bxa6 31. Qd6 Qxd6 32. Rxd6 Bc8 33. Kf2 Rb8
34. Bxc8 Rhxc8 35. Rd7 Rb7 36. Rxb7 Kxb7 37. Re1 Rd8 38. g4 Kb6 39. b4 Rd7 40.
e5 c5 41. c3 Rc7 42. e6 1-0

[Event "XLIV Festival A"]
[Site "Imperia ITA"]
[Date "2002.09.01"]
[Round "1"]
[White "Delchev, Aleksander"]
[Black "Mazzariol, Oscar"]
[WhiteElo "2557"]
[BlackElo "2151"]
[Result "1-0"]
[PlyCount "81"]
[EventDate "2002.09.01"]

1. c4 g6 2. g3 Bg7 3. Bg2 c6 4. Nc3 Nf6 5. e4 d6 6. Nge2 Nbd7 7. d4 Qc7 8. O-O
O-O 9. h3 Rb8 10. d5 a6 11. Bg5 h6 12. Be3 b5 13. dxc6 Ne5 14. cxb5 axb5 15.
Nd5 Nxd5 16. exd5 e6 17. Bd4 exd5 18. Rc1 Be6 19. Nf4 Kh7 20. Nxd5 Qa5 21. f4
Nc4 22. Bxg7 Bxd5 23. Bxd5 Kxg7 24. Qd4+ f6 25. b3 Qb6 26. Qxb6 Nxb6 27. c7
Rbe8 28. Bb7 Kf7 29. Rfd1 Nc8 30. Bxc8 Rxc8 31. Rxd6 Rfe8 32. Rcc6 f5 33. Rf6+
Kg7 34. Rxg6+ Kh7 35. Rxh6+ Kg7 36. Rhg6+ Kh7 37. Rgd6 Re7 38. Rh6+ Kg7 39.
Rcg6+ Kf7 40. Rh7+ Kxg6 41. Rxe7 1-0

[Event "XLIV Festival A"]
[Site "Imperia ITA"]
[Date "2002.09.01"]
[Round "1"]
[White "Djingarova, Emilia"]
[Black "Vrchotka, Josef"]
[WhiteElo "2292"]
[BlackElo "2113"]
[Result "1-0"]
[PlyCount "35"]
[EventDate "2002.09.01"]

1. e4 e5 2. Bc4 Nf6 3. d3 d5 4. exd5 Nxd5 5. Nf3 Nc6 6. O-O Nb6 7. Bb5 f6 8.
Nxe5 fxe5 9. Qh5+ Kd7 10. d4 a6 11. dxe5 Ke6 12. Bd3 Ne7 13. Rd1 g6 14. Qg4+
Nf5 15. Bc4+ Nd5 16. Bxd5+ Qxd5 17. Rxd5 Kxd5 18. Nc3+ 1-0

[Event "XLIV Festival A"]
[Site "Imperia ITA"]
[Date "2002.09.01"]
[Round "1"]
[White "Dvorak, Tomas"]
[Black "Alberton, Roberto"]
[WhiteElo "2300"]
[BlackElo "2123"]
[Result "1-0"]
[PlyCount "65"]
[EventDate "2002.09.01"]

1. e4 c5 2. Nf3 a6 3. c3 d5 4. exd5 Qxd5 5. d4 e6 6. Be2 Nc6 7. O-O Nf6 8. Be3
cxd4 9. cxd4 Be7 10. Nc3 Qd6 11. Qd2 O-O 12. Bf4 Qd8 13. Rfd1 Nd5 14. Ne5 Ncb4
15. Bf3 Nxf4 16. Qxf4 Nd5 17. Qe4 Nxc3 18. bxc3 Qc7 19. c4 f6 20. Nd3 Qxc4 21.
Rdc1 Qb5 22. Nc5 Bxc5 23. Rxc5 Qe8 24. Rac1 Rb8 25. Rc7 Rf7 26. Rxf7 Qxf7 27.
Qf4 Ra8 28. Rc7 Qf8 29. a4 Qd8 30. Qg3 g6 31. Be4 Bd7 32. Bxb7 Ra7 33. Qd6 1-0